000 006070000a22001810004500
003 MACL
005 20160503111205.0
008 160503b xxu||||| |||| 00| 0 eng d
040 _aMACL
_cMACL
041 _aHindi
082 _a800
100 _aसोलंकी गीता
_954894
245 _aनारी चेतना और कृष्‍णा सोबती के उपन्‍यास
260 _bभारत पुस्‍तक भण्‍डार ̜
_c2007
_aनई दिल्‍ली
350 _a275
650 _aLiterature
_954895
942 _cHIN
_k800/SOL/L
_2ddc
999 _c11535
_d11535